000 00302nam a22001337a 4500
008 170323b xxu||||| |||| 00| 0 eng d
020 _a9780683302165
041 _aeng
080 _22ND
_a616.9
100 _a8
101 _aSHM
245 _aTEXTBOOK OF AIDS MEDICINE
_cMERIGAN, TH.C
942 _2udc
_cBK
999 _c8527
_d8527